000 00586nam a22001937a 4500
005 20251108173034.0
008 250721s9999 xx 000 0 ara d
082 1 4 _a535/ علم
100 1 _aج ب م،
245 1 0 _aعلم الألوان (الأشعة اللونية الكونية و الإنسانية) /
264 1 _aبيروت :
_bمنشورات أصدقاء المعرفة البيضاء،
_c[19-].
300 _a269ص.
650 1 7 _aالصحة
650 1 7 _aالأشعة
650 1 7 _aقوس قزح
650 1 7 _aالألوان
942 _2ddc
_cBK
999 _c94634
_d94634